[Event "WY Boys-U18"]
[Site "Porto Carras GRE"]
[Date "2010.10.20"]
[Round "1.7"]
[White "De Arco, Luis Carlos"]
[Black "Cruz, Cristhian"]
[Result "0-1"]
[BlackTitle "IM"]
[WhiteElo "2218"]
[BlackElo "2497"]
[WhiteFideId "4403630"]
[BlackFideId "3801969"]
[EventDate "2010.10.20"]

1. e4 c5 2. Nc3 e6 3. f4 Nc6 4. Nf3 d5 5. Bb5 Ne7 6. exd5 exd5 7. Qe2 Qd6 8. Qe5
Qxe5+ 9. Nxe5 f6 10. Bxc6+ bxc6 11. Nf3 Nf5 12. d3 Kf7 13. Bd2 Ba6 14. g4 Nd4
15. Nxd4 cxd4 16. Ne2 h5 17. g5 Re8 18. Kf2 c5 19. Rae1 Bd6 20. Rhg1 Bc8 21. b4
g6 22. bxc5 Bxc5 23. gxf6 Bg4 24. Nc1 Bb6 25. f5 Rxe1 26. fxg6+ Kxg6 27. Kxe1
Kxf6 28. h4 Re8+ 29. Kf2 Rc8 30. Rf1 Rxc2 31. Kg3+ Ke6 32. Bf4 Ba5 33. Nb3 Bc3
34. Nc5+ Ke7 35. Rb1 Rxa2 36. Be5 Rb2 37. Rxb2 Bxb2 38. Nb3 Bc3 39. Nxd4 Ba5 40.
Kf4 Bd2+ 41. Kg3 a5 42. Nb3 Be1+ 43. Kf4 a4 44. Nc5 Bd2+ 45. Kg3 a3 46. Kf2 Bc1
47. Na4 Bd1 48. Nc3 Ke6 49. Bd4 Bb2 50. Ke1 Bg4 51. Nb5 Bxd4 52. Nxd4+ Ke5 53.
Nc2 a2 54. Kd2 Kf4 55. Kc1 Bf5 0-1

[Event "WY Boys-U18"]
[Site "Porto Carras GRE"]
[Date "2010.10.24"]
[Round "6.2"]
[White "Zierk, Steven C"]
[Black "Belous, Vladimir"]
[Result "1/2-1/2"]
[WhiteTitle "FM"]
[WhiteElo "2391"]
[BlackElo "2498"]
[WhiteFideId "2034255"]
[BlackFideId "4174003"]
[EventDate "2010.10.20"]

1. e4 c5 2. Nf3 Nc6 3. d4 cxd4 4. Nxd4 e5 5. Nb5 d6 6. c4 g6 7. N1c3 a6 8. Na3
Be6 9. Be3 Bh6 10. Bxh6 Nxh6 11. Qd2 Ng4 12. Rd1 Qb6 13. Nd5 Bxd5 14. cxd5 Nd4
15. Nc4 Qd8 16. Bd3 O-O 17. O-O Rc8 18. h3 Nf6 19. f4 Nxe4 20. Qe3 b5 21. Nxe5
Nf5 22. Qxe4 dxe5 23. Qe1 e4 24. Bb1 Qb6+ 25. Rf2 Rfe8 26. Kh1 Ng3+ 27. Kh2 e3
28. Rf3 e2 29. Rdd3 Nf1+ 30. Kh1 Rc1 31. Qxc1 e1=Q 32. Rxf1 Qbf2 33. Rf3 Qxc1
34. Rxf2 Re1 35. Bd3 Qe3 36. Kg1 Rxf1+ 37. Bxf1 h5 38. h4 Kf8 39. a4 bxa4 40.
Bxa6 Ke7 41. Bb5 Qb3 42. Bc6 Qg3 43. Bxa4 Kd6 44. Be8 f6 45. f5 g5 46. hxg5 Qxg5
47. Rf3 Kxd5 48. b3 Qh4 49. Bf7+ Kc5 1/2-1/2

[Event "WY Boys-U18"]
[Site "Porto Carras GRE"]
[Date "2010.10.27"]
[Round "8.2"]
[White "Zierk, Steven C"]
[Black "Mazur, Stefan"]
[Result "1-0"]
[WhiteTitle "FM"]
[BlackTitle "IM"]
[WhiteElo "2391"]
[BlackElo "2402"]
[WhiteFideId "2034255"]
[BlackFideId "14909332"]
[EventDate "2010.10.20"]

1. e4 c5 2. Nf3 d6 3. d4 cxd4 4. Nxd4 Nf6 5. Nc3 Nc6 6. Bc4 e6 7. Be3 Be7 8. Qe2
a6 9. O-O O-O 10. Rad1 Qc7 11. a4 Ne5 12. Bb3 Bd7 13. f4 Nc6 14. f5 e5 15. Nxc6
Bxc6 16. Bg5 Ne8 17. Bc1 Qd8 18. Nd5 Bxd5 19. Bxd5 Rb8 20. Be3 Bg5 21. Ba7 Ra8
22. Qf2 Nf6 23. Bb6 Qe7 24. Qf3 Rac8 25. Qb3 Nd7 26. Bf2 Nc5 27. Qa3 Qd7 28. a5
Qb5 29. c4 Qd7 30. b4 Qa4 31. Qc3 Qb3 32. Rd3 Qxc3 33. Rxc3 Nd7 34. Bxb7 Rc7 35.
Bxa6 Bd2 36. Rb3 Rb8 37. Bb5 Nf6 38. Bb6 Rcc8 39. Ba6 Re8 40. Rfb1 Nxe4 41. Rd3
Bc3 42. Rb3 Ba1 43. Bb5 Rec8 44. Ra3 Bb2 45. Ra2 Bd4+ 46. Bxd4 Rxb5 47. Re3 Rxb4
48. Rxe4 Rbxc4 49. a6 exd4 50. a7 Ra8 51. Re8+ Rxe8 52. a8=Q Rc1+ 53. Kf2 Rc2+
54. Kg3 Rc3+ 55. Kh4 Re3 56. Qb7 g6 57. Ra7 Rf8 58. fxg6 hxg6 59. Qd5 d3 60. Rd7
Re2 61. Rxd6 1-0

[Event "WY Boys-U18"]
[Site "Porto Carras GRE"]
[Date "2010.10.28"]
[Round "9.4"]
[White "Belous, Vladimir"]
[Black "Danilenko, Dmitriy"]
[Result "0-1"]
[BlackTitle "FM"]
[WhiteElo "2498"]
[BlackElo "2307"]
[WhiteFideId "4174003"]
[BlackFideId "14120844"]
[EventDate "2010.10.20"]

1. d4 d5 2. c4 c6 3. Nc3 Nf6 4. Bg5 dxc4 5. e3 Qa5 6. Bxf6 exf6 7. Bxc4 Bd6 8.
Ne2 O-O 9. O-O f5 10. a3 Nd7 11. b4 Qc7 12. g3 Nf6 13. Qc2 Qe7 14. Nf4 Bd7 15.
Rab1 Rfe8 16. Rfd1 Ne4 17. Bf1 g6 18. Bg2 h5 19. b5 Bxf4 20. Nxe4 fxe4 21. bxc6
Bg4 22. Rdc1 Bd6 23. Rxb7 Qe6 24. Bf1 Re7 25. Bc4 Qf6 26. Bd5 Bf3 27. c7 Rc8 28.
Rb8 Qf5 29. Rxc8+ Qxc8 30. Qb3 Kg7 0-1